<?xml version="1.0" encoding="UTF-8"?>
<record
    xmlns:xsi="http://www.w3.org/2001/XMLSchema-instance"
    xsi:schemaLocation="http://www.loc.gov/MARC21/slim http://www.loc.gov/standards/marcxml/schema/MARC21slim.xsd"
    xmlns="http://www.loc.gov/MARC21/slim">

  <leader>02630nam a22002894c 4500</leader>
  <controlfield tag="003">AR-BaSMT</controlfield>
  <controlfield tag="008">231201b2026     ag |||gr|||| 001 0 spa d</controlfield>
  <datafield tag="020" ind1=" " ind2=" ">
    <subfield code="a">9789876676236</subfield>
  </datafield>
  <datafield tag="040" ind1=" " ind2=" ">
    <subfield code="a">BSGB</subfield>
    <subfield code="b">espa&#xF1;ol</subfield>
    <subfield code="e">rda</subfield>
  </datafield>
  <datafield tag="041" ind1="0" ind2=" ">
    <subfield code="a">spa</subfield>
    <subfield code="h">espa&#xF1;ol</subfield>
  </datafield>
  <datafield tag="080" ind1=" " ind2=" ">
    <subfield code="a">37</subfield>
  </datafield>
  <datafield tag="100" ind1="1" ind2=" ">
    <subfield code="a">Zysman, Mar&#xED;a</subfield>
    <subfield code="9">465</subfield>
  </datafield>
  <datafield tag="245" ind1="1" ind2="0">
    <subfield code="a">Lo que los chicos callan</subfield>
    <subfield code="b">: Recursos para adultos que quieren intevenir a tiempo</subfield>
  </datafield>
  <datafield tag="250" ind1=" " ind2=" ">
    <subfield code="a">primera edici&#xF3;n</subfield>
  </datafield>
  <datafield tag="264" ind1=" " ind2="1">
    <subfield code="a">Buenos Aires : </subfield>
    <subfield code="b">Bonum, </subfield>
    <subfield code="c">2026</subfield>
  </datafield>
  <datafield tag="300" ind1=" " ind2=" ">
    <subfield code="a">136 p&#xE1;ginas.</subfield>
  </datafield>
  <datafield tag="336" ind1=" " ind2=" ">
    <subfield code="2">rdacontent</subfield>
    <subfield code="a">texto</subfield>
    <subfield code="b">txt</subfield>
  </datafield>
  <datafield tag="337" ind1=" " ind2=" ">
    <subfield code="2">rdamedia</subfield>
    <subfield code="a">sin mediaci&#xF3;n</subfield>
    <subfield code="b">n</subfield>
  </datafield>
  <datafield tag="338" ind1=" " ind2=" ">
    <subfield code="2">rdacarrier</subfield>
    <subfield code="a">col&#xFA;men</subfield>
    <subfield code="b">nc</subfield>
  </datafield>
  <datafield tag="505" ind1=" " ind2=" ">
    <subfield code="a">&#xCD;ndice:
Pr&#xF3;logo -- 7
Introducci&#xF3;n -- 11
C1. Cuando empiezan miedos y confusiones. Rondas, cuentos, canciones y bloques -- 17
C2. Amigos, cuadernos y cartucheras -- 39
C3. Secretos nuevos, lealtades y traiciones -- 57
C4. Entre la necesidad de pertenecer y el miedo a quedar afuera -- 73
C5. La b&#xFA;squeda de identidad y el espacio de los otros -- 91
C6. &#xBF;Por qu&#xE9; los chicos callan? -- 109
Anexo. Por Sof&#xFD;a Zysman -- 123
Cierre -- 129
Bibliograf&#xED;a -- 135</subfield>
  </datafield>
  <datafield tag="520" ind1=" " ind2=" ">
    <subfield code="a">&#xBF;Qu&#xE9; callan los chicos hoy?
Callan lo que les duele, lo que los confunde, lo que les da miedo. Callan para no perder amigos, para no quedar expuestos, para no preocupar a los adultos o porque sienten &#x2014;muchas veces con raz&#xF3;n&#x2014; que nadie sabr&#xE1; qu&#xE9; hacer con eso que les pasa.
Este libro nace de m&#xE1;s de treinta a&#xF1;os de escucha en escuelas y espacios educativos. Recorre las distintas etapas del desarrollo &#x2014;nivel inicial, primario y secundario&#x2014; para diferenciar conductas esperables, evolutivas de aquellas que requieren intervenci&#xF3;n adulta.
Aborda el bullying y el ciberbullying, el impacto del mundo digital en los v&#xED;nculos, el consumo silencioso de pornograf&#xED;a, las apuestas online y los secretos que pesan demasiado para ser llevados en soledad.
Lo que los chicos callan no ofrece recetas r&#xE1;pidas. Propone una mirada profunda sobre la responsabilidad adulta: crear contextos donde hablar no sea un riesgo y donde ning&#xFA;n chico quede solo frente al dolor.
Dirigido a familias, profesionales de la salud y la educaci&#xF3;n, invita a escuchar mejor, a intervenir a tiempo y a construir redes de cuidado reales &#x2014;en el patio f&#xED;sico y en el digital&#x2014; para que crecer no implique callar lo que lastima.
Porque los chicos no necesitan que les pidamos que hablen.
Necesitan adultos dispuestos a escuchar.</subfield>
    <subfield code="u">Contratapa</subfield>
  </datafield>
  <datafield tag="521" ind1=" " ind2=" ">
    <subfield code="a">P&#xFA;blico genetal</subfield>
  </datafield>
  <datafield tag="650" ind1=" " ind2="7">
    <subfield code="9">18</subfield>
    <subfield code="a">EDUCACI&#xD3;N</subfield>
    <subfield code="z">Argentina</subfield>
  </datafield>
  <datafield tag="653" ind1="2" ind2=" ">
    <subfield code="a">Bullying</subfield>
    <subfield code="a">Ciberbullying</subfield>
    <subfield code="a">Mundo Digital</subfield>
  </datafield>
  <datafield tag="942" ind1=" " ind2=" ">
    <subfield code="2">udc</subfield>
    <subfield code="a">BOOK</subfield>
  </datafield>
  <datafield tag="999" ind1=" " ind2=" ">
    <subfield code="c">624</subfield>
    <subfield code="d">624</subfield>
  </datafield>
  <datafield tag="952" ind1=" " ind2=" ">
    <subfield code="0">0</subfield>
    <subfield code="1">0</subfield>
    <subfield code="2">ddc</subfield>
    <subfield code="4">0</subfield>
    <subfield code="a">BSGB</subfield>
    <subfield code="b">BSGB</subfield>
    <subfield code="c">Educaci&#xF3;n</subfield>
    <subfield code="e">Compra Feria del Libro 2026</subfield>
    <subfield code="i">000880</subfield>
    <subfield code="l">0</subfield>
    <subfield code="o">37 ZYS</subfield>
    <subfield code="p">000880</subfield>
    <subfield code="t">1</subfield>
    <subfield code="y">BOOK</subfield>
    <subfield code="f"></subfield>
  </datafield>
</record>
